| 000 | 00328nam a2200133Ia 4500 | ||
|---|---|---|---|
| 100 | _aPrasad Ramjee | ||
| 650 | _aWireless communications | ||
| 942 | _cRB | ||
| 654 | _awireless | ||
| 245 | _aOFDM for Wireless communications systems | ||
| 260 |
_bArtech house _aLondon _c2004 |
||
| 082 |
_a621.384 _bPRA |
||
| 546 |
_aENGLISH _cTTL |
||
| 999 |
_c31997 _d31997 |
||